| 000 | 00580cam a2200193 a 4500 | ||
|---|---|---|---|
| 001 | 000001521 | ||
| 005 | 20200929145616.0 | ||
| 008 | 760226s1963 sp 000 1 spa | ||
| 040 |
_aDO-SdBNP _bspa _cBNPHU |
||
| 082 |
_a863.44 _bP471g |
||
| 100 | 1 |
_aPerucho, Juan, _d1920- _95010 |
|
| 245 | 1 | 0 |
_aGalería de espejos sin fondo / _cPerucho Juan. |
| 260 |
_aBarcelona : _bDestino, _c1963. |
||
| 300 |
_a185 p. ; _c19 cm. |
||
| 490 | 1 |
_aÁncora y Delfín ; _v238 |
|
| 650 | 4 |
_aCuentos españoles _93194 |
|
| 650 | 4 |
_aLiteratura española _9632 |
|
| 830 | 0 |
_aÁncora y Delfín ; _v238 _95000 |
|
| 999 |
_c1425 _d1425 |
||